| 000 | 01056nam a2200181Ia 4500 | ||
|---|---|---|---|
| 008 | 151202s9999||||xx |||||||||||||| ||und|| | ||
| 082 | _bPNVM-70568 | ||
| 100 | _a"काकडे सीमा,कुलकर्णी वंदना." | ||
| 245 | _aअशासकीय संस्थांचा रोह्योच्य अंमलबजावणी-प्रक्रि येतील सहभाग. | ||
| 260 | _bप्रयास पुणे. | ||
| 260 | _c7056 | ||
| 300 | _a80 | ||
| 600 | _a"काकडे सीमा,कुलकर्णी वंदना." | ||
| 630 | _aअशासकीय संस्थांचा रोह्योच्य अंमलबजावणी-प्रक्रि येतील सहभाग. | ||
| 700 | _a"काकडे सीमा,कुलकर्णी वंदना." | ||
| 730 | _aअशासकीय संस्थांचा रोह्योच्य अंमलबजावणी-प्रक्रि येतील सहभाग. | ||
| 942 | _cBOOK | ||
| 999 |
_c1337077 _d1337074 |
||